| 000 | 00467nam a2200181Ia 4500 | ||
|---|---|---|---|
| 001 | 3747 | ||
| 005 | 20260306145706.0 | ||
| 008 | 260306t2001||||xx |||||||||||||| ||spa|| | ||
| 041 | _aESP | ||
| 082 |
_a302.23072 _bW61 |
||
| 100 |
_aWimmer, Roger D. _eAUT |
||
| 245 | 0 | _aIntroducción a la investigación de medios masivos de comunicación | |
| 260 | _c2001 | ||
| 300 |
_axi, 500 páginas : _c24 cm. |
||
| 650 | _aGEN | ||
| 654 | _aCED | ||
| 942 |
_cLIB _dJUS _fJUS _2ddc _n |
||
| 999 |
_c3747 _d3747 |
||